Alimentación de los bovinos /
Guardado en:
| Autor Principal: | |
|---|---|
| Formato: | Libro |
| Publicado: |
Buenos Aires :
Hemisferio Sur,
1988
|
| Series: | Nueva Biblioteca de Temas Agropecuarios ; 2
|
| Materias: | |
| Etiquetas: |
Agregar Etiqueta
Sin Etiquetas, Sea el primero en etiquetar este registro!
|
| LEADER | 02824nam a22002535a 4500 | ||
|---|---|---|---|
| 001 | CEM.cems015952 | ||
| 008 | 130507s1988##################000#0#####d | ||
| 005 | 20221024121606.0 | ||
| 245 | 1 | 0 | |a Alimentación de los bovinos / |c Gustavo Sergio Lang |
| 260 | |a Buenos Aires : |b Hemisferio Sur, |c 1988 | ||
| 300 | |a 112 p. | ||
| 490 | 0 | |a Nueva Biblioteca de Temas Agropecuarios ; 2 | |
| 505 | 0 | |a Alimentación de bovinos -- Generalidades -- Crecimiento y desarrollo -- Cronología dentaria: edad del bovino y su relación con la alimentación -- Influencia del clima en el crecimiento y desarrollo -- Factores estrechamente ligados a la alimentación -- Eficiencia en la utilización del forraje -- Digestibilidad -- El valor nutritivo, expresado con T.N.D. -- Eficiencia y conversión -- Bases sobre esquemas alimenticios según distintas zonas del país -- Crianza de bovinos a base de pasturas y verdeos -- Manejo clásico o tradicional -- Manejo tecnificado -- Pasturas perennes -- Pasturas temporarias -- Especies que pueden componer algunas cadenas forrajeras -- Factores que deben considerarse -- Otros temas de vital importancia -- Asimilación de los alimentos por el novillo -- Características de los forrajes y su influencia en el engorde -- Condiciones ambientales -- Composición de los forrajes -- Epoca 1: otoño-principios de invierno -- Epoca 2: verano -- Epoca 3: pleno invierno -- Epoca 4: primavera -- Equilibrio de la alimentación del novillo en el campo -- Resultado económico de la alimentación a campo -- Generalidades sobre el engorde a corral (Feed-Lot) -- Pastoreos -- Pastoreo continuo -- Pastoreo diferido -- Pastoreo selectivo -- Pastoreos no selectivos -- Pastoreo rotativo -- Pastoreo por horas -- Alta presión de pastoreo -- Carga animal /ha. -- Conceptos generales -- Carga animal y producción forrajera -- Carga animal y método forrajera -- Carga animal y método de pastoreo -- Ventajas y desventajas -- Carga animal durante el año -- Cría -- Invernada -- Cría e invernada -- Producción por hectárea y producción individual -- Carga animal y reserva alimenticia -- Crecimiento compensatorio -- Alambrado eléctrico -- Suplementación -- Suplementación y granos -- Suplementación con forrajes conservados -- Henos -- Silajes -- Silajes de sorgos -- Silajes de maíz -- Silajes de pasturas -- Silajes de rastrojos de maíz y sorgo granífero -- Suplementos proteícos -- | |
| 020 | |a 9505043961 | ||
| 100 | 1 | |a Lang, Gustavo Sergio | |
| 082 | 0 | 4 | |a 636.2 |
| 653 | |a Bovinos | ||
| 653 | |a Bovinos-alimentación | ||
| 653 | |a Ganadería | ||
| 653 | |a Pasturas | ||
| 653 | |a Silajes | ||
| 653 | |a Alambrado electríco -- feed lot -- calidad del agua | ||
| 859 | |a CEMS |b BIB. CEMS - Agricultura |h 636.2 |i L256 |p A16020.90 |t Ej.1 | ||
| 859 | |a CEMS |b BIB. CEMS - Agricultura |h 636.2 |i L256 |p A3449.21 |t Ej.2 | ||
